01704nam a22002657a 450000500170000000800410001702000150005804000070007304100080008008200220008810000240011024500680013426000330020230000310023536500200026652008500028665000430113665000320117965000370121165000250124870000260127394200120129999900190131195201080133020211215153234.0211211b ||||| |||| 00| 0 eng d a0060604743 cAL aeng 223a248.482bPAUW aJohn Paul II911683 aWisdom of John Paul II: The Pope on Life's Most Vital Questions aSanfracisco:bHarper,c1995. axiii,156 p.bHBc21x13 cm. b15.00c$d15.00 aThe essential thoughts of Pope John Paul II on matters of belief and conscience have been culled from his encyclicals, speeches, homilies, and statements to fellow bishops and collected in one volume. Throughout his more than two decades as the leader of the world’s Catholics, John Paul II has spoken both officially and informally on all aspects of life in the modern world. Whether defining the Church's teachings or passionately espousing the basic human rights of all people, whether speaking from his throne in the Vatican or from a platform set up on a soccer field, the Pope has always eloquently and clearly stated his thinking, vision, and hopes for the Church and the world. For this new edition, the compilers have added significant new material, including the pontiff's thoughts as we enter the third millennium of Christianity.  aSpiritual Life-Spiritual Church911522 aChurch and the World911523 aCatholic Church Doctrines911524 aChristianity 911525 aPAUL II (John)911526 2ddccGF c220927d220927 00102ddc40708OTHaALbALd2013-03-24l0o248.482 PAUWpGF01002r2021-12-11 00:00:00w2021-12-11yGF